00471nam a2200193 a 4500001001300000003000900013005001700022008004100039020001000080082001300090100002400103245001800127260002700145300000900172500003500181505001900216650001800235700002400253nice12345678IN_TiNIC20260116011859.0050524s0000 caia grp 000 0 ara  ac10000a244bFRE aFremantle, Florence aAziza-O-Adali aCairobAl-Maarefc0000 a107p aincludes index and biblioraphy2 aReserve copies aBible Stories1 aFremantle, Florence